| 000 | 00736nam a2200241 i 4500 | ||
|---|---|---|---|
| 003 | DO-SdBNP | ||
| 005 | 20230912152023.0 | ||
| 006 | a||||gr|||| 00| 0 | ||
| 007 | ta | ||
| 008 | 230822e1985 dr ||||| |||| 00| 0 spa d | ||
| 040 |
_aDO-SdBNP _bspa _cBNPHU _erda |
||
| 082 | 4 |
_222 _bL333e, 1985 |
|
| 100 | 1 |
_aLarrañaga, Ignacio, _d1928-2013 _975774 _eautor |
|
| 245 | 1 | 0 |
_aEncuentro: _bmanual de oración. / _cIngnacio Larrañaga |
| 264 | 1 |
_a[Santo Domingo] : _bPaulinas, _bAmigo del Hogar, _c1985. |
|
| 300 |
_a142 página ; _c15 cm. |
||
| 336 |
_2rdacontent _atexto _btxt |
||
| 337 |
_2rdamedia _asin mediación _bn |
||
| 338 |
_2rdacarrier _avolumen _bnc |
||
| 590 | _aInventariado 2023 / YL | ||
| 910 | _aYLockward | ||
| 942 |
_2ddc _cLBS1 |
||
| 999 |
_c54713 _d54713 |
||